| 000 | 00742nam a2200229Ia 4500 | ||
|---|---|---|---|
| 003 | GCL | ||
| 008 | 140319s9999 xx 000 0 ara d | ||
| 020 | _a7535232977 | ||
| 040 |
_aGCL / _cGCL |
||
| 082 | 0 | 4 |
_a615.85154 _bع ع |
| 100 | 1 | _aعبدالفتاح نجله | |
| 245 | 1 | 0 |
_aالعلاج النفسى بالموسيقى / _cعبدالفتاح نجله |
| 250 | _aالاولى | ||
| 260 |
_aالقاهرة : _bعالم الكتب ، _c2006 |
||
| 300 |
_a160 ص ؛ _c24 سم |
||
| 650 | 0 | 4 | _aالاضطرابات النفسية |
| 650 | 0 | 4 | _aالعلاج النفسى |
| 650 | 0 | 4 | _aالامراض النفسية |
| 650 | 0 | 4 | _aالعلاج بالموسيقى |
| 650 | 0 | 4 | _aالموسيقى وعلم النفس |
| 942 |
_2ddc _cBK |
||
| 999 |
_c9749 _d9749 |
||